| 000 | 01001nam a2200241 a 4500 | ||
|---|---|---|---|
| 001 | 48321 | ||
| 003 | BD-RjUL | ||
| 005 | 20211209054512.0 | ||
| 008 | 160813s1990 ii ||||| |||| 00| 0 ben d | ||
| 020 | _c: Tk. 40.00 | ||
| 035 | _a(BD-RjUL)48440 | ||
| 040 |
_aBD-RjUL _bben _cBD-RjUL |
||
| 041 | _aben | ||
| 082 |
_223 _a891.4409 _bCHB 1990 |
||
| 100 |
_aচক্রবর্তী, শ্যামলী _9146284 |
||
| 245 | 1 | 0 |
_aবঙ্কিমচন্দ্রের শিল্প ও সঙ্গীতের জগৎ / _cশ্যামলী চক্রবর্তী |
| 260 |
_aকলকাতা : _bঅরুণা প্রকাশনী, _c১৯৯০ |
||
| 300 |
_a[৮], ২৩৬ পৃ. ; _c২৩ সেমি |
||
| 500 | _aনির্দেশিকা সংযুক্ত | ||
| 650 |
_aবাংলা সাহিত্য _xইতিহাস ও সমালোচনা _9146285 |
||
| 650 |
_aBengali Literature _xHistory and Critiism _9146286 |
||
| 942 |
_2ddc _cBK |
||
| 999 |
_c48321 _d48321 |
||